000
00202 a2200097 4500
001
15423
100
_a
Adams, C.C
245
_a
Space flight
260
_a
New York
_b
McGraw-Hil
_c
090
_c
12048
_d
12048
942
_a
NUST-CAE
_c
M
_c
2279
999
_c
250496
_d
250496